Principles of Mahomedan Law (Record no. 1428804)

MARC details
000 -LEADER
fixed length control field 00441nam a22001817a 4500
005 - DATE AND TIME OF LATEST TRANSACTION
control field 20250612144244.0
008 - FIXED-LENGTH DATA ELEMENTS--GENERAL INFORMATION
fixed length control field 250519b |||||||| |||| 00| 0 eng d
020 ## - INTERNATIONAL STANDARD BOOK NUMBER
International Standard Book Number 9789391211264
040 ## - CATALOGING SOURCE
Transcribing agency ILCL
041 ## - LANGUAGE CODE
Source of code eng
Language code of text/sound track or separate title eng
084 ## - COLON CLASSIFICATION NUMBER
Classification number Z(Q7) R1
100 ## - MAIN ENTRY--PERSONAL NAME
Personal name Mulla,Sir Dinshaw Fardunji
245 ## - TITLE STATEMENT
Title Principles of Mahomedan Law
250 ## - EDITION STATEMENT
Edition statement 23
260 ## - PUBLICATION, DISTRIBUTION, ETC.
Place of publication, distribution, etc. Haryana
Name of publisher, distributor, etc. Lexis Nexis
Date of publication, distribution, etc. 2021
300 ## - PHYSICAL DESCRIPTION
Extent cii,872p.
942 ## - ADDED ENTRY ELEMENTS (KOHA)
Source of classification or shelving scheme Colon Classification (CC)
Koha item type Textbook
999 ## -
-- 1428804
-- 1428804
Holdings
Withdrawn status Lost status Damaged status Not for loan Home library Current library Date acquired Source of acquisition Cost, normal purchase price Inventory number Total checkouts Full call number Barcode Date due Date last seen Date last checked out Price effective from Koha item type Source of classification or shelving scheme
        Integrated Law Course library Integrated Law Course library 7-03-24 Apple Books 1695.00 008 dt.03-07-2024 1 Z(Q7) R1 IL1863274 2026-04-09 2026-03-10 2026-03-10 2025-05-06 Textbook  
        Integrated Law Course library Integrated Law Course library 2025-02-28 Singhal Publications 1795.00 2714 dt. 28-02-2025 1 Z(Q7) R1 IL1864170   2025-12-06 2025-11-19 2025-05-19 Textbook Colon Classification (CC)
        Integrated Law Course library Integrated Law Course library 2025-02-28 Singhal Publications 1795.00 2714 dt. 28-02-2025 1 Z(Q7) R1 IL1864171   2025-12-16 2025-11-20 2025-05-19 Textbook Colon Classification (CC)
Copyright @ Delhi University Library System